000 00866cam a2200265 4500
001 1727
005 20230921094442.0
020 _a0394827058
040 _aDLC
_cDLC
_dDLC
_dFISKH
_beng
050 0 0 _aPZ8.3.A377
_bPo
082 0 0 _a808.81/5
100 1 _aAlexander, Martha,
_d1920-2006,
_ecomp.
245 1 0 _aPoems and prayers for the very young.
_cSelected and illustrated by Martha Alexander.
260 _aNew York :
_bRandom House,
_c[1973]
300 _a32 unnumbered pages :
_bcolor illustrations
_c21 cm.
505 _aH
520 _aA collection of poems by various poets, many with a spiritual orientation.
521 _a510
_bLexile estimate
521 _aH
_bRaz-Plus
650 0 _aChildren's poetry.
650 1 _aPoetry
_xCollections.
650 1 _aReligious poetry.
906 _a7
_bcbc
_corignew
_d2
_eocip
_f19
_gy-gencatlg
942 _2lcc
_cBK
_n0
999 _c1727
_d1727